000 01561nam a22003017a 4500
008 250625b |||||||| |||| 00| 0 eng d
020 _a9781399812474
040 _ctbs
041 _aeng
_aspa
100 _aStacey, Mark
_925558
_eauthor
245 _aBeginner's Spanish
_c/ Mark Stacey, Angela González Hevia.
260 _aLondon :
_bTeach Yourself,
_c2024.
300 _axxi, 204 pages :
_billustrations, maps ;
_c20 cm.
490 _aTeach yourself
520 _aIf you are looking for a solid foundation to your language studies for school, work or travel, this engaging course will get you speaking, writing, reading and understanding Castilian Spanish in no time. Through authentic conversations, clear language presentations, and extensive practice and review, you will learn the Spanish you need to communicate naturally in everyday situations - from booking a hotel room to talking about friends and family.
650 0 _aSpanish language
_xConversation and phrase books
_xEnglish
_925338
650 0 _aSpanish language
_xSelf-instruction
_925339
650 0 _aSpanish language
_xTextbooks for foreign speakers
_xEnglish
_913590
650 0 _aSpanish language
_xGrammar
_910270
650 0 _aProgrammed instructional materials
_925559
655 0 _aPhrase books
_925062
655 0 _aProgrammed instructional materials
_925329
655 0 _aInstructional and educational works
_923270
655 0 _aInformational works
_923310
655 0 _aSelf-instructional works
_925331
700 _aHevia, Angela González
_925560
_eauthor
942 _2lcc
999 _c4788
_d4788